000 00620nam a2200217Ia 4500
001 1190
003 GE_BSU
008 181216s||||||||xx |||||||||||||| ||und||
040 _cGE_BSU
080 _a635.9
100 _aკერესელიძე ა.
245 _aდეკორაციული მებაღეობა.
260 _aთბილისი.
260 _bცოდნა.
260 _c1962.
300 _a370 გვ. 21 სმ.
541 _h18 ლ.
653 _aდეკორაციული მებაღეობა.
653 _aმებაღეობა.
942 _cBK
999 _c35338
_d35338